| 000 | 00414cam a22001337a 4500 | ||
|---|---|---|---|
| 008 | 180718b1959 xxu||||| |||| 00| 0 eng d | ||
| 082 | _aB258 C354 | ||
| 100 | _aChalupa, V. | ||
| 245 |
_aRise and development of totalitarian state _cby V. Chalupa |
||
| 260 |
_aHolland _bStenfert Kroese _c1959 |
||
| 300 | _a294p. | ||
| 650 | _aCzechoslovakia --Politics and government --1945- | ||
| 650 | _aCommunism --Czechoslovakia | ||
| 999 |
_c361987 _d361987 |
||